[Event "Gibtelecom Festival 2010 - Masters"]
[Site "Gibraltar ENG"]
[Date "2010.01.26"]
[Round "1.66"]
[White "Skage, Oystein Aagedal"]
[Black "Valgmae, Toomas"]
[Result "0-1"]
[WhiteElo "1935"]
[BlackElo "2117"]
[PlyCount "74"]
[EventDate "2010.01.26"]
[EventType "swiss"]
[EventRounds "10"]
[EventCountry "ENG"]
[Source "lmi"]
[SourceDate "2010.01.26"]

1. e4 d6 2. d4 Nf6 3. Nc3 g6 4. f4 Bg7 5. Nf3 c5 6. dxc5 Qa5 7. Bb5+ Bd7 8. Qe2
O-O 9. Bd2 Nxe4 10. Qxe4 Bxb5 11. Nd5 Qd8 12. Nxe7+ Kh8 13. O-O-O Nc6 14. cxd6
Qxd6 15. Rhe1 Nxe7 16. Qxe7 Qa6 17. Kb1 Rae8 18. Qh4 Be2 19. Ng5 h6 20. Bc3 Kg8
21. Bxg7 Kxg7 22. Nxf7 Rxf7 23. Rd2 Rfe7 24. g4 Qc6 25. f5 g5 26. Qg3 Re5 27.
h3 Bxg4 28. Rf1 Bxf5 29. a3 Qe4 30. Qb3 Rc8 31. Rd7+ Kh8 32. Qf7 Qxc2+ 33. Ka1
Qc1+ 34. Rxc1 Rxc1+ 35. Ka2 Be6+ 36. Qxe6 Rxe6 37. Rxb7 a6 0-1

[Event "Gibtelecom Festival 2010 - Masters"]
[Site "Gibraltar ENG"]
[Date "2010.01.27"]
[Round "2.33"]
[White "Valgmae, Toomas"]
[Black "Naumann, Alexander"]
[Result "0-1"]
[WhiteElo "2117"]
[BlackElo "2525"]
[PlyCount "126"]
[EventDate "2010.01.26"]
[EventType "swiss"]
[EventRounds "10"]
[EventCountry "ENG"]
[Source "lmi"]
[SourceDate "2010.01.26"]

1. d4 Nf6 2. c4 e6 3. Nc3 Bb4 4. Qb3 c5 5. Nf3 Nc6 6. dxc5 Ne4 7. Bd2 Nxd2 8.
Nxd2 Bxc5 9. e3 O-O 10. Be2 b6 11. Nde4 f5 12. Nxc5 bxc5 13. O-O Rb8 14. Qc2
Ne5 15. f4 Nf7 16. Bf3 g5 17. g3 Qf6 18. Rad1 Kh8 19. Rf2 gxf4 20. gxf4 Rg8+
21. Kh1 Nh6 22. Nb5 Ng4 23. Bxg4 Rxg4 24. Nd6 Ba6 25. Rg2 Rxg2 26. Qxg2 Rg8 27.
Qf2 Rg7 28. Rg1 Kg8 29. Rxg7+ Qxg7 30. Qg2 Qxg2+ 31. Kxg2 Kf8 32. e4 fxe4 33.
Nxe4 Bxc4 34. Nxc5 Bd5+ 35. Kf2 d6 36. Nd3 Bxa2 37. Ke3 Bc4 38. Nf2 Ke7 39. Kd4
Bb5 40. b4 Bc6 41. Ng4 Bf3 42. Ne3 Be2 43. Ke4 Kf6 44. Kd4 Kg6 45. Ke4 Ba6 46.
Kd4 Bb5 47. Ke4 Kh5 48. Kd4 Bc6 49. Nc4 Kg4 50. Ke3 Kh3 51. Nxd6 Kxh2 52. Kf2
Kh3 53. f5 exf5 54. Nxf5 Kg4 55. Ne7 Bb5 56. Nd5 Kf5 57. Kg3 Ke5 58. Nc3 a6 59.
Kf2 Kd4 60. Nd1 Kc4 61. Ke2 Kxb4+ 62. Kd2 Kb3 63. Kc1 Bd3 0-1

[Event "Gibtelecom Festival 2010 - Masters"]
[Site "Gibraltar ENG"]
[Date "2010.01.27"]
[Round "3.15"]
[White "Karavade, Eesha"]
[Black "Koneru, Humpy"]
[Result "0-1"]
[WhiteElo "2405"]
[BlackElo "2614"]
[PlyCount "82"]
[EventDate "2010.01.26"]
[EventType "swiss"]
[EventRounds "10"]
[EventCountry "ENG"]
[Source "lmi"]
[SourceDate "2010.01.26"]

1. d4 d5 2. c4 dxc4 3. e3 Nf6 4. Bxc4 e6 5. Nf3 a6 6. Bb3 Nbd7 7. O-O c5 8. a4
Qc7 9. Qe2 b6 10. Nc3 Bb7 11. Rd1 Rc8 12. d5 c4 13. dxe6 fxe6 14. Bc2 Bd6 15.
h3 O-O 16. Nd4 Rfe8 17. Bd2 Bf8 18. e4 Bc5 19. Be3 Bb4 20. Na2 Bf8 21. Nc3 g6
22. Rac1 Kh8 23. Nf3 e5 24. Nh2 Qc6 25. Ng4 b5 26. axb5 axb5 27. Bg5 Be7 28.
Bxf6+ Nxf6 29. Nxf6 Bxf6 30. Nd5 Bg7 31. Ra1 Bf8 32. b4 cxb3 33. Bxb3 Bc5 34.
Kh2 Rf8 35. f3 Qe8 36. Ra5 Bc6 37. Bc4 Qd8 38. Qd2 Bd4 39. Bxb5 Bxd5 40. Ba6
Bb3 41. Bxc8 Bxd1 0-1

[Event "Gibtelecom Festival 2010 - Masters"]
[Site "Gibraltar ENG"]
[Date "2010.01.27"]
[Round "3.22"]
[White "Javakhishvili, Lela"]
[Black "Avalos Parra, Joao"]
[Result "1-0"]
[WhiteElo "2493"]
[BlackElo "2245"]
[PlyCount "59"]
[EventDate "2010.01.26"]
[EventType "swiss"]
[EventRounds "10"]
[EventCountry "ENG"]
[Source "lmi"]
[SourceDate "2010.01.26"]

1. d4 d5 2. c4 c6 3. Nf3 Nf6 4. e3 Bf5 5. Nc3 e6 6. Nh4 Be4 7. f3 Bg6 8. Qb3
Qc7 9. Bd2 Bd6 10. cxd5 exd5 11. O-O-O Nbd7 12. e4 dxe4 13. Nxg6 hxg6 14. fxe4
Ng4 15. e5 Be7 16. Be2 Nh6 17. g4 O-O-O 18. Kb1 Qb6 19. Qa4 Nf8 20. d5 Bb4 21.
dxc6 bxc6 22. Nd5 Rxd5 23. Bxb4 Rxd1+ 24. Rxd1 Ne6 25. Ba5 Qb7 26. Rd6 Kb8 27.
Qd1 c5 28. Rd7 Qc6 29. Bf3 Qa6 30. Qb3+ 1-0

[Event "Gibtelecom Festival 2010 - Masters"]
[Site "Gibraltar ENG"]
[Date "2010.01.27"]
[Round "3.23"]
[White "Nikolaidis, Konstantinos"]
[Black "Cmilyte, Viktorija"]
[Result "0-1"]
[WhiteElo "2266"]
[BlackElo "2489"]
[PlyCount "50"]
[EventDate "2010.01.26"]
[EventType "swiss"]
[EventRounds "10"]
[EventCountry "ENG"]
[Source "lmi"]
[SourceDate "2010.01.26"]

1. d4 f5 2. g3 Nf6 3. Bg2 e6 4. c4 c6 5. Qc2 d5 6. Nh3 Bd6 7. O-O O-O 8. Bf4
Be7 9. Nd2 Na6 10. a3 h6 11. b4 g5 12. Be5 Ng4 13. b5 cxb5 14. cxb5 Nxe5 15.
bxa6 Nf7 16. axb7 Bxb7 17. Qa4 Nd6 18. f3 Bf6 19. Nf2 Rf7 20. Nd3 Nc4 21. Nb3
a5 22. Ndc5 Qb6 23. Nd7 Rxd7 24. Qxd7 Rd8 25. Qa4 Bc6 0-1

[Event "Gibtelecom Festival 2010 - Masters"]
[Site "Gibraltar ENG"]
[Date "2010.01.27"]
[Round "3.25"]
[White "Marchand, Francois"]
[Black "Zhukova, Natalia"]
[Result "0-1"]
[WhiteElo "2244"]
[BlackElo "2462"]
[PlyCount "86"]
[EventDate "2010.01.26"]
[EventType "swiss"]
[EventRounds "10"]
[EventCountry "ENG"]
[Source "lmi"]
[SourceDate "2010.01.26"]

1. d4 d5 2. c4 e6 3. Nc3 c6 4. Nf3 dxc4 5. e3 b5 6. a4 Bb4 7. Bd2 a5 8. axb5
Bxc3 9. Bxc3 cxb5 10. b3 Bb7 11. bxc4 b4 12. Bb2 Nf6 13. Bd3 O-O 14. O-O Nbd7
15. Qc2 h6 16. c5 Bc6 17. e4 Ra7 18. Nd2 Qa8 19. f4 a4 20. f5 b3 21. Qc4 Nxe4
22. Nxe4 Bxe4 23. Bxe4 Qxe4 24. Rfe1 Qd5 25. Rxa4 Rxa4 26. Qxa4 Ra8 27. Qb4
exf5 28. Re3 Rb8 29. Qa5 f4 30. Re1 f3 31. gxf3 Qxf3 32. Qc7 Qg4+ 33. Kf1 Qf3+
34. Kg1 Qg4+ 35. Kh1 Kh7 36. c6 Qf3+ 37. Kg1 Rb5 38. h4 Qg4+ 39. Kf2 Rf5+ 40.
Ke3 Nf6 41. Kd3 Qg2 42. Bc3 Rf3+ 43. Kc4 Rxc3+ 0-1

[Event "Gibtelecom Festival 2010 - Masters"]
[Site "Gibraltar ENG"]
[Date "2010.01.27"]
[Round "3.29"]
[White "Compton, Alistair"]
[Black "Guliyev, Namig"]
[Result "0-1"]
[WhiteElo "2066"]
[BlackElo "2516"]
[PlyCount "80"]
[EventDate "2010.01.26"]
[EventType "swiss"]
[EventRounds "10"]
[EventCountry "ENG"]
[Source "lmi"]
[SourceDate "2010.01.26"]

1. e4 d5 2. exd5 Qxd5 3. Nc3 Qa5 4. d4 Nf6 5. Nf3 Bg4 6. h3 Bh5 7. g4 Bg6 8.
Ne5 e6 9. Bg2 c6 10. Nxg6 hxg6 11. Bd2 Bb4 12. a3 Bxc3 13. bxc3 Nbd7 14. g5 Ng8
15. Rb1 Qc7 16. Qf3 Ne7 17. Bf4 Qc8 18. h4 Nb6 19. h5 Rxh5 20. Rxh5 gxh5 21.
Qxh5 Ng6 22. Bg3 Qd7 23. Qh7 O-O-O 24. Qxg7 e5 25. Kf1 Nc4 26. Rb4 Qg4 27. Kg1
Ne3 28. fxe3 Qxg3 29. Qxf7 Qxe3+ 30. Qf2 Qxg5 31. dxe5 Rd1+ 32. Kh2 Qxe5+ 33.
Qg3 Rd2 34. Qxe5 Nxe5 35. Re4 Nd7 36. Kg3 Rxc2 37. Re3 Nc5 38. Bh3+ Kc7 39. Bf5
Rc1 40. Kf4 Ra1 0-1

[Event "Gibtelecom Festival 2010 - Masters"]
[Site "Gibraltar ENG"]
[Date "2010.01.27"]
[Round "3.30"]
[White "Cafolla, Peter"]
[Black "Harika, Dronavalli"]
[Result "0-1"]
[WhiteElo "2042"]
[BlackElo "2471"]
[PlyCount "56"]
[EventDate "2010.01.26"]
[EventType "swiss"]
[EventRounds "10"]
[EventCountry "ENG"]
[Source "lmi"]
[SourceDate "2010.01.26"]

1. e4 e5 2. Nf3 Nc6 3. d4 exd4 4. Nxd4 Nf6 5. Nxc6 bxc6 6. e5 Qe7 7. Qe2 Nd5 8.
c4 Nb6 9. Nc3 Qe6 10. Qe4 g6 11. Bf4 Bb4 12. Bd2 O-O 13. Be2 Re8 14. a3 Bxc3
15. Bxc3 Na4 16. f4 Nxc3 17. bxc3 f5 18. Qd4 d6 19. Rd1 Ba6 20. Bf3 dxe5 21.
fxe5 Rad8 22. Qxa7 Rxd1+ 23. Bxd1 Qxe5+ 24. Kf2 c5 25. g3 Bxc4 26. Bf3 f4 27.
gxf4 Qxf4 28. Qxc5 Re2+ 0-1

[Event "Gibtelecom Festival 2010 - Masters"]
[Site "Gibraltar ENG"]
[Date "2010.01.27"]
[Round "3.31"]
[White "Carlsson, Pontus"]
[Black "Spanton, Tim R"]
[Result "1-0"]
[WhiteElo "2476"]
[BlackElo "2035"]
[PlyCount "75"]
[EventDate "2010.01.26"]
[EventType "swiss"]
[EventRounds "10"]
[EventCountry "ENG"]
[Source "lmi"]
[SourceDate "2010.01.26"]

1. e4 c5 2. Nf3 g6 3. d4 cxd4 4. Nxd4 Nc6 5. Nc3 Bg7 6. Be3 Nf6 7. Bc4 Qa5 8.
O-O O-O 9. Bb3 d6 10. h3 Bd7 11. Re1 Rfe8 12. Qe2 Qh5 13. Nf3 Ne5 14. Nxe5 Qxe5
15. Rad1 Qa5 16. Bd4 Bc6 17. f4 Nd7 18. Bxg7 Kxg7 19. Kh2 Rac8 20. e5 dxe5 21.
fxe5 Nc5 22. Rd4 Nxb3 23. axb3 Rcd8 24. Rf4 Qc5 25. b4 Qb6 26. Ref1 Rf8 27. Qc4
e6 28. b5 Bd5 29. Qe2 a6 30. bxa6 bxa6 31. b3 Qb7 32. R1f2 Rc8 33. Qe3 Rc7 34.
Rh4 Rh8 35. Qh6+ Kg8 36. Qe3 Kg7 37. Nxd5 Qxd5 38. Rd2 1-0

[Event "Gibtelecom Festival 2010 - Masters"]
[Site "Gibraltar ENG"]
[Date "2010.01.27"]
[Round "3.33"]
[White "Vinas Guerrero, Carlos A"]
[Black "Siebrecht, Sebastian"]
[Result "0-1"]
[WhiteElo "2120"]
[BlackElo "2468"]
[PlyCount "56"]
[EventDate "2010.01.26"]
[EventType "swiss"]
[EventRounds "10"]
[EventCountry "ENG"]
[Source "lmi"]
[SourceDate "2010.01.26"]

1. e4 c5 2. Nf3 g6 3. c3 Bg7 4. d4 cxd4 5. cxd4 d5 6. e5 Nc6 7. Bb5 Bg4 8. O-O
e6 9. Bxc6+ bxc6 10. Nc3 Qb6 11. Na4 Qb5 12. b3 Ne7 13. Ba3 Nf5 14. Rc1 Bxf3
15. gxf3 Bf8 16. Bc5 Bxc5 17. Rxc5 Qb4 18. Rxc6 Qxd4 19. Qe2 O-O 20. Rfc1 Qf4
21. R6c5 Nd4 22. Qd3 Nxf3+ 23. Kg2 Qg4+ 24. Kf1 Nxh2+ 25. Ke1 Nf3+ 26. Kf1 Nxe5
27. Qd2 Qh3+ 28. Ke2 Qf3+ 0-1

[Event "Gibtelecom Festival 2010 - Masters"]
[Site "Gibraltar ENG"]
[Date "2010.01.27"]
[Round "3.36"]
[White "Osuna Vega, Enrique"]
[Black "Boskovic, Drasko"]
[Result "0-1"]
[WhiteElo "2128"]
[BlackElo "2454"]
[PlyCount "72"]
[EventDate "2010.01.26"]
[EventType "swiss"]
[EventRounds "10"]
[EventCountry "ENG"]
[Source "lmi"]
[SourceDate "2010.01.26"]

1. d4 Nf6 2. Nf3 g6 3. Nc3 d5 4. Bf4 Bg7 5. e3 O-O 6. Be2 c5 7. Ne5 Nc6 8. Nxc6
bxc6 9. Be5 Nd7 10. Bxg7 Kxg7 11. O-O f6 12. Na4 e5 13. c4 cxd4 14. cxd5 cxd5
15. f3 dxe3 16. Qxd5 Nb6 17. Qb3 Nxa4 18. Qxa4 Qb6 19. Qa3 Be6 20. Rfd1 Rad8
21. Qa6 Rd4 22. Qxb6 axb6 23. Kf1 Rc8 24. Bd3 f5 25. Ke2 f4 26. Rac1 Rxc1 27.
Rxc1 Bxa2 28. Rc7+ Kh6 29. g4 Kg5 30. Rxh7 Bc4 31. h4+ Kf6 32. Bxc4 Rxc4 33.
g5+ Ke6 34. Rg7 Rc2+ 35. Ke1 e4 36. Rxg6+ Ke5 0-1

[Event "Gibtelecom Festival 2010 - Masters"]
[Site "Gibraltar ENG"]
[Date "2010.01.27"]
[Round "3.37"]
[White "Popa-Matei, Viorel-Ovidiu"]
[Black "Bellon Lopez, Juan Manuel"]
[Result "0-1"]
[WhiteElo "2137"]
[BlackElo "2440"]
[PlyCount "58"]
[EventDate "2010.01.26"]
[EventType "swiss"]
[EventRounds "10"]
[EventCountry "ENG"]
[Source "lmi"]
[SourceDate "2010.01.26"]

1. e4 c5 2. d4 cxd4 3. c3 dxc3 4. Nxc3 Nc6 5. Nf3 e6 6. Bc4 Qc7 7. Qe2 Nf6 8.
h3 d6 9. O-O Be7 10. Rd1 a6 11. Bf4 Nd7 12. Rac1 O-O 13. Bb3 Qb8 14. Qd2 Nde5
15. Qe3 b5 16. Ne2 Na5 17. Nfd4 Nxb3 18. axb3 Bb7 19. Bg3 Rc8 20. f4 Nc6 21.
Kh2 Nxd4 22. Nxd4 Qa7 23. Bf2 Bd8 24. Qg3 Bb6 25. f5 Bxe4 26. Rxc8+ Rxc8 27.
fxe6 d5 28. Qg4 Re8 29. Nc6 Qc7+ 0-1

[Event "Gibtelecom Festival 2010 - Masters"]
[Site "Gibraltar ENG"]
[Date "2010.01.27"]
[Round "3.38"]
[White "Houska, Jovanka"]
[Black "De Andres Gonalons, Fernan"]
[Result "1-0"]
[WhiteElo "2401"]
[BlackElo "2124"]
[PlyCount "69"]
[EventDate "2010.01.26"]
[EventType "swiss"]
[EventRounds "10"]
[EventCountry "ENG"]
[Source "lmi"]
[SourceDate "2010.01.26"]

1. d4 d5 2. c4 e6 3. Nf3 c5 4. cxd5 exd5 5. Nc3 Nc6 6. Bf4 Nf6 7. e3 cxd4 8.
Nxd4 Bb4 9. Bb5 Bd7 10. O-O Bxc3 11. bxc3 O-O 12. Nxc6 bxc6 13. Bd3 Re8 14. Bg5
h6 15. Bh4 g5 16. Bg3 Ne4 17. Bxe4 Rxe4 18. Rb1 Qf6 19. Qd2 Rc4 20. Rfc1 a5 21.
Bc7 h5 22. f4 g4 23. Be5 Qe6 24. Rb7 Bc8 25. Rb6 Qf5 26. Rcb1 f6 27. Bd4 Kf7
28. Qb2 Kg6 29. Qa3 Be6 30. Qe7 Bf7 31. Rb7 Qe6 32. f5+ Kxf5 33. Rf1+ Ke4 34.
Qc7 Bg6 35. Rb2 1-0

[Event "Gibtelecom Festival 2010 - Masters"]
[Site "Gibraltar ENG"]
[Date "2010.01.27"]
[Round "3.39"]
[White "Nezad, Husein Aziz"]
[Black "Tozer, Philip"]
[Result "0-1"]
[WhiteElo "2408"]
[BlackElo "2119"]
[PlyCount "80"]
[EventDate "2010.01.26"]
[EventType "swiss"]
[EventRounds "10"]
[EventCountry "ENG"]
[Source "lmi"]
[SourceDate "2010.01.26"]

1. e4 e6 2. Qe2 c5 3. Nf3 Nc6 4. g3 Be7 5. Bg2 d5 6. d3 Nf6 7. O-O O-O 8. e5
Nd7 9. c4 d4 10. h4 h6 11. Re1 a6 12. Bf4 Rb8 13. Nbd2 b5 14. b3 Bb7 15. Nf1
Nb6 16. N1h2 bxc4 17. dxc4 a5 18. h5 a4 19. Qd2 axb3 20. axb3 d3 21. Bxh6 gxh6
22. Qxh6 Nd4 23. Ng4 Nf5 24. Qd2 Bxf3 25. Bxf3 Bg5 26. Qd1 Qd4 27. Kg2 Rfd8 28.
Be4 d2 29. Qf3 dxe1=Q 30. Rxe1 Nh6 31. Nxh6+ Bxh6 32. Qf6 Qd2 33. Bg6 Rd7 34.
Re4 Qg5 35. Bxf7+ Rxf7 36. Qxe6 Bg7 37. Qd6 Rbf8 38. f4 Qf5 39. Re2 Qxh5 40.
Re3 Rd7 0-1

[Event "Gibtelecom Festival 2010 - Masters"]
[Site "Gibraltar ENG"]
[Date "2010.01.27"]
[Round "3.40"]
[White "Collier, David O"]
[Black "Cabrera Trujillo, Jorge"]
[Result "1/2-1/2"]
[WhiteElo "2118"]
[BlackElo "2384"]
[PlyCount "100"]
[EventDate "2010.01.26"]
[EventType "swiss"]
[EventRounds "10"]
[EventCountry "ENG"]
[Source "lmi"]
[SourceDate "2010.01.26"]

1. d4 d5 2. c4 c6 3. Nf3 Nf6 4. Nc3 e6 5. Bg5 Be7 6. e3 O-O 7. Qc2 Nbd7 8. cxd5
Nxd5 9. Bxe7 Qxe7 10. e4 Nxc3 11. bxc3 e5 12. Bd3 c5 13. Nxe5 Nxe5 14. dxe5
Qxe5 15. O-O Qf4 16. Rae1 Re8 17. Re3 g6 18. Rfe1 Qe5 19. h4 h5 20. g3 Bg4 21.
f4 Qe6 22. Qf2 Kg7 23. f5 Qe5 24. Bc4 Re7 25. Rf1 Rd7 26. f6+ Kg8 27. Bd5 Re8
28. c4 Rd6 29. Kg2 Be6 30. Ree1 Rb6 31. Qxc5 Rb2+ 32. Rf2 b6 33. Qe3 Qxf6 34.
Rxb2 Qxb2+ 35. Re2 Qe5 36. Qf4 Qxf4 37. gxf4 Bg4 38. Rd2 Rc8 39. Kf2 Kf8 40.
Ke3 Rc5 41. Rd3 Ra5 42. a3 Ke7 43. Kd4 Bd7 44. Rb3 Rc5 45. Rg3 Ra5 46. Rb3 Be6
47. Rc3 Kf6 48. Bc6 Rc5 49. Bd5 Rc7 50. c5 Rd7 1/2-1/2

[Event "Gibtelecom Festival 2010 - Masters"]
[Site "Gibraltar ENG"]
[Date "2010.01.27"]
[Round "3.42"]
[White "Ogada-Osir, Ibrahim"]
[Black "Degtiarev, Evgeny"]
[Result "1/2-1/2"]
[WhiteElo "2104"]
[BlackElo "2374"]
[PlyCount "73"]
[EventDate "2010.01.26"]
[EventType "swiss"]
[EventRounds "10"]
[EventCountry "ENG"]
[Source "lmi"]
[SourceDate "2010.01.26"]

1. Nf3 Nf6 2. d4 b6 3. g3 Bb7 4. Bg2 c5 5. dxc5 bxc5 6. c4 g6 7. O-O Bg7 8. Nc3
O-O 9. Be3 d6 10. Qc1 Re8 11. Rd1 Qc8 12. h3 Ne4 13. Nxe4 Bxe4 14. Bd2 e5 15.
Bh6 Rd8 16. Bxg7 Kxg7 17. Qc3 f6 18. Nxe5 Bxg2 19. Ng4 Qe6 20. Kxg2 Nc6 21. Qe3
Qxe3 22. Nxe3 Rab8 23. Rd2 Kf7 24. Rad1 Ke6 25. b3 Ne7 26. Nd5 Nxd5 27. Rxd5 a5
28. R1d3 a4 29. e4 axb3 30. axb3 Rb6 31. f4 Rdb8 32. Kf2 Rc6 33. Ke2 Ra8 34.
Ke3 Ra2 35. Rd2 Ra3 36. R5d3 Rb6 37. Rb2 1/2-1/2

[Event "Gibtelecom Festival 2010 - Masters"]
[Site "Gibraltar ENG"]
[Date "2010.01.27"]
[Round "3.44"]
[White "Calzetta Ruiz, Monica"]
[Black "Valgmae, Toomas"]
[Result "0-1"]
[WhiteElo "2359"]
[BlackElo "2117"]
[PlyCount "74"]
[EventDate "2010.01.26"]
[EventType "swiss"]
[EventRounds "10"]
[EventCountry "ENG"]
[Source "lmi"]
[SourceDate "2010.01.26"]

1. e4 d6 2. d4 Nf6 3. Nc3 g6 4. Be3 c6 5. h3 b5 6. Bd3 b4 7. Nce2 a5 8. Nf3 Bg7
9. O-O O-O 10. Qd2 Ba6 11. Ng3 Nbd7 12. Bxa6 Rxa6 13. e5 Nd5 14. Bh6 Re8 15.
Nf5 Bf8 16. Bxf8 Nxf8 17. Nh6+ Kg7 18. Rfe1 f6 19. exf6+ exf6 20. Rxe8 Qxe8 21.
Re1 Qd8 22. Ng4 Ra7 23. c4 bxc3 24. bxc3 Re7 25. Rb1 g5 26. Nxg5 fxg5 27. Qxg5+
Kh8 28. Nh6 Ne6 29. Qd2 Qf8 30. c4 Ndf4 31. Ng4 h5 32. Ne3 Rg7 33. d5 cxd5 34.
cxd5 Nxg2 35. Nxg2 Nf4 36. Kf1 Rxg2 37. Rb7 Rg1+ 0-1

[Event "Gibtelecom Festival 2010 - Masters"]
[Site "Gibraltar ENG"]
[Date "2010.01.27"]
[Round "3.46"]
[White "Jameson, David"]
[Black "Peek, Marcel"]
[Result "0-1"]
[WhiteElo "2053"]
[BlackElo "2342"]
[PlyCount "92"]
[EventDate "2010.01.26"]
[EventType "swiss"]
[EventRounds "10"]
[EventCountry "ENG"]
[Source "lmi"]
[SourceDate "2010.01.26"]

1. e4 c5 2. Nc3 Nc6 3. f4 e6 4. Bb5 Nge7 5. Nf3 a6 6. Be2 d5 7. d3 g6 8. O-O
Bg7 9. g4 f5 10. gxf5 exf5 11. e5 d4 12. Na4 b6 13. b3 Nd5 14. Bd2 Bh6 15. Qc1
Be6 16. a3 O-O 17. Rb1 a5 18. c4 dxc3 19. Nxc3 Nxc3 20. Qxc3 Rc8 21. Be3 Rf7
22. d4 cxd4 23. Nxd4 Nxd4 24. Qxd4 Qxd4 25. Bxd4 Rc2 26. Bd1 Ra2 27. Bxb6 Rxa3
28. Rf2 Bf8 29. Rf3 Rb7 30. Bf2 a4 31. b4 Rxf3 32. Bxf3 Rxb4 33. Rxb4 Bxb4 34.
Bd4 Bd2 35. Bb2 Kf7 36. Kf2 Bxf4 37. h3 Bb3 38. Bb7 Bd2 39. Ba3 Bc3 40. Kf3
Bxe5 41. h4 Bf6 42. Kg3 Be7 43. Bb2 a3 44. Bxa3 Bxa3 45. h5 g5 46. Bc8 Kf6 0-1

[Event "Gibtelecom Festival 2010 - Masters"]
[Site "Gibraltar ENG"]
[Date "2010.01.27"]
[Round "3.47"]
[White "Pienabarca, Nicola"]
[Black "Reizniece, Dana"]
[Result "0-1"]
[WhiteElo "2071"]
[BlackElo "2341"]
[PlyCount "86"]
[EventDate "2010.01.26"]
[EventType "swiss"]
[EventRounds "10"]
[EventCountry "ENG"]
[Source "lmi"]
[SourceDate "2010.01.26"]

1. d4 Nf6 2. Nf3 d6 3. g3 g6 4. Bg2 Bg7 5. O-O O-O 6. c4 Nc6 7. d5 Na5 8. Nfd2
c5 9. Nc3 a6 10. Qc2 Rb8 11. b3 b5 12. Bb2 e5 13. Rae1 Nd7 14. Nd1 bxc4 15.
bxc4 Nb6 16. f4 Bf5 17. e4 Bd7 18. fxe5 Ba4 19. Qc1 Bxd1 20. Rxd1 dxe5 21. Ba3
Bh6 22. Bxc5 Naxc4 23. Bxf8 Qxf8 24. Qc3 Nxd2 25. Rxd2 Bxd2 26. Qxd2 Nc4 27.
Qc3 Qc5+ 28. Kh1 Qd4 29. Qf3 f5 30. Qf2 Qxf2 31. Rxf2 Ne3 32. Bf1 Rb1 33. Kg1
Rd1 34. exf5 gxf5 35. g4 f4 36. Rf3 Kf8 37. h4 a5 38. g5 Rxd5 39. Kh2 Rd2+ 40.
Kh3 Rxa2 41. Bd3 Kg7 42. h5 h6 43. g6 a4 0-1

[Event "Gibtelecom Festival 2010 - Masters"]
[Site "Gibraltar ENG"]
[Date "2010.01.27"]
[Round "3.48"]
[White "Dittmar, Peter"]
[Black "Flermoen, Peter"]
[Result "1/2-1/2"]
[WhiteElo "2341"]
[BlackElo "2108"]
[PlyCount "181"]
[EventDate "2010.01.26"]
[EventType "swiss"]
[EventRounds "10"]
[EventCountry "ENG"]
[Source "lmi"]
[SourceDate "2010.01.26"]

1. c4 Nf6 2. g3 e6 3. Bg2 d5 4. Nf3 Be7 5. O-O O-O 6. d4 b6 7. Nc3 Bb7 8. Ne5
Nbd7 9. Qa4 c6 10. Nxd7 Qxd7 11. Rd1 Rfd8 12. Bg5 h6 13. Bxf6 Bxf6 14. e3 a6
15. Rac1 b5 16. cxb5 cxb5 17. Qb3 Be7 18. Bf1 Rdc8 19. Ne2 b4 20. Rxc8+ Rxc8
21. Rc1 Rxc1 22. Nxc1 Qc7 23. Qd1 a5 24. Bb5 e5 25. Ne2 Bd6 26. dxe5 Bxe5 27.
Nd4 Qb6 28. Be2 Bxd4 29. Qxd4 Qxd4 30. exd4 Kf8 31. Kf1 Ke7 32. Ke1 g5 33. Kd2
f6 34. Bg4 Ba6 35. Ke3 Bc4 36. a3 bxa3 37. bxa3 Kd6 38. Bh5 Bb5 39. Bg6 Ke6 40.
Bc2 Be8 41. Bd3 Ba4 42. f4 Kd6 43. fxg5 fxg5 44. h4 Ke6 45. hxg5 hxg5 46. Ba6
Bd1 47. Bd3 Ba4 48. Be2 Kf5 49. Bf3 Ke6 50. Bg4+ Kd6 51. Be2 Be8 52. Bd1 Ke6
53. Bb3 Kd6 54. Kf3 Bh5+ 55. Kg2 Bg4 56. Ba4 Ke6 57. Bc6 Kd6 58. Bb7 Be6 59.
Kf3 Bf5 60. Ba6 Be6 61. Bb5 Bf5 62. Be8 Be6 63. Bg6 Kc6 64. Bd3 Bc8 65. Ke3 Kd6
66. Kd2 Bd7 67. Kc3 Kc7 68. Kb3 Kb6 69. Bg6 Bc6 70. Bf5 Kb5 71. Be6 Kb6 72. Bf7
Kb5 73. Kc3 Ka4 74. Kb2 Kb5 75. Kb3 Kb6 76. Bg8 Kb5 77. Be6 Kb6 78. Bg4 Kc7 79.
Kc3 Kd6 80. Kd2 Be8 81. Ke3 Kc6 82. Be2 Kd6 83. Ba6 Bh5 84. Bb5 Bg4 85. Bf1 Bc8
86. Kf3 Be6 87. Bb5 Ke7 88. Bc6 Kd6 89. Be8 Ke7 90. Bh5 Kf6 91. Be8 1/2-1/2

[Event "Gibtelecom Festival 2010 - Masters"]
[Site "Gibraltar ENG"]
[Date "2010.01.27"]
[Round "3.49"]
[White "Haraldsson, Leif"]
[Black "Sedina, Elena"]
[Result "0-1"]
[WhiteElo "2050"]
[BlackElo "2335"]
[PlyCount "54"]
[EventDate "2010.01.26"]
[EventType "swiss"]
[EventRounds "10"]
[EventCountry "ENG"]
[Source "lmi"]
[SourceDate "2010.01.26"]

1. e4 Nf6 2. Nc3 d5 3. exd5 Nxd5 4. Nxd5 Qxd5 5. Nf3 e5 6. d4 Nc6 7. dxe5 Qxd1+
8. Kxd1 Bg4 9. Be2 O-O-O+ 10. Bd2 Bxf3 11. gxf3 Nxe5 12. Kc1 Bc5 13. Rf1 Rhe8
14. f4 Ng6 15. Bd3 Bd6 16. Bc4 Bxf4 17. Bxf4 Nxf4 18. Bxf7 Re7 19. Bc4 Ne2+ 20.
Kb1 Rd4 21. b3 Rh4 22. Kb2 Nd4 23. Rad1 c6 24. f4 Nf5 25. Bd3 Ne3 26. Rde1 Kd8
27. Re2 Nxf1 0-1

[Event "Gibtelecom Festival 2010 - Masters"]
[Site "Gibraltar ENG"]
[Date "2010.01.27"]
[Round "3.56"]
[White "Hawkins, James N H"]
[Black "Schuetze, Norman"]
[Result "1/2-1/2"]
[WhiteElo "2019"]
[BlackElo "2269"]
[PlyCount "59"]
[EventDate "2010.01.26"]
[EventType "swiss"]
[EventRounds "10"]
[EventCountry "ENG"]
[Source "lmi"]
[SourceDate "2010.01.26"]

1. e4 c5 2. Nf3 d6 3. d4 cxd4 4. Nxd4 Nf6 5. Nc3 a6 6. Bg5 Nbd7 7. f4 Qb6 8.
Qd2 e5 9. Nb3 Be7 10. O-O-O O-O 11. f5 Qc7 12. g4 b5 13. Bd3 Bb7 14. Bxf6 Nxf6
15. g5 b4 16. Nd5 Nxd5 17. exd5 f6 18. g6 Rfc8 19. gxh7+ Kh8 20. Be4 a5 21. Kb1
a4 22. Nc1 Qa5 23. h4 Rc4 24. Qg2 Rac8 25. h5 Bf8 26. Rh3 Qc5 27. Rg3 Rc7 28.
h6 Rf7 29. hxg7+ Bxg7 30. Rg1 1/2-1/2

[Event "Gibtelecom Festival 2010 - Masters"]
[Site "Gibraltar ENG"]
[Date "2010.01.27"]
[Round "3.58"]
[White "Odeh, Kenneth"]
[Black "Stephan, Axel"]
[Result "0-1"]
[WhiteElo "2012"]
[BlackElo "2252"]
[PlyCount "56"]
[EventDate "2010.01.26"]
[EventType "swiss"]
[EventRounds "10"]
[EventCountry "ENG"]
[Source "lmi"]
[SourceDate "2010.01.26"]

1. e4 c5 2. Nc3 e6 3. g3 d5 4. Bg2 Nf6 5. d3 Be7 6. Nge2 d4 7. Nb1 Nc6 8. O-O
h5 9. Nd2 h4 10. f4 hxg3 11. Nxg3 g6 12. Nc4 Nh5 13. e5 Nxg3 14. hxg3 Qc7 15.
a4 b6 16. Bd2 Bb7 17. a5 O-O-O 18. a6 Ba8 19. Na3 Rh7 20. Qf3 Rdh8 21. Nb5 Qb8
22. g4 Rh2 23. g5 R8h4 24. Qg3 Rxg2+ 25. Qxg2 Nxe5 26. fxe5 Bxg2 27. Rxf7 Qxe5
28. Kxg2 Rh2+ 0-1